1967 steam charts (Record no. 20544)

000 -LEADER
fixed length control field 00500nam a22001931 4500
001 - CONTROL NUMBER
control field 20544
003 - CONTROL NUMBER IDENTIFIER
control field BD-DhUET
008 - FIXED-LENGTH DATA ELEMENTS--GENERAL INFORMATION
fixed length control field 700914s1968 nyua 000 0 eng
020 ## - INTERNATIONAL STANDARD BOOK NUMBER
International Standard Book Number 0713130458
040 ## - CATALOGING SOURCE
Original cataloging agency DLC
Transcribing agency DLC
Modifying agency BD-DhUET
082 ## - DEWEY DECIMAL CLASSIFICATION NUMBER
Classification number 621.101084
Item number ELE/1967
110 ## - MAIN ENTRY--CORPORATE NAME
Corporate name or jurisdiction name as entry element Electrical Research Association
245 10 - TITLE STATEMENT
Title 1967 steam charts
250 ## - EDITION STATEMENT
Edition statement 1st ed.
260 ## - PUBLICATION, DISTRIBUTION, ETC. (IMPRINT)
Place of publication, distribution, etc. London
Name of publisher, distributor, etc. Edward Arnold
Date of publication, distribution, etc. 1967
300 ## - PHYSICAL DESCRIPTION
Extent vii, 64 p. (chiefly illus., part col.)
Dimensions 31 cm.
650 #0 - SUBJECT ADDED ENTRY--TOPICAL TERM
Topical term or geographic name as entry element Steam
942 ## - ADDED ENTRY ELEMENTS (KOHA)
Koha item type Corporate Publication
Holdings
Copy number Damaged status Piece designation (barcode) Shelving location Location (home branch) Koha full call number Sublocation or collection (holding branch) Koha normalized classification for sorting Source of classification or shelving scheme Koha date last seen Date acquired Price effective from Not for loan Withdrawn status Lost status Koha item type
1 18295Circulation sectionCentral Library, BUET621.101084/ELE/1967Central Library, BUET621_101084000000000_ELE_1967 2015-04-122015-04-122015-04-12   Corporate Publication
2 18293Circulation sectionCentral Library, BUET621.101084/ELE/1967Central Library, BUET621_101084000000000_ELE_1967 2015-04-122015-04-122015-04-12   Corporate Publication
3 13166Circulation sectionCentral Library, BUET621.101084/ELE/1967Central Library, BUET621_101084000000000_ELE_1967 2015-04-122015-04-122015-04-12   Corporate Publication
4 13162Circulation sectionCentral Library, BUET621.101084/ELE/1967Central Library, BUET621_101084000000000_ELE_1967 2015-04-122015-04-122015-04-12   Corporate Publication
5 18297Circulation sectionCentral Library, BUET621.101084/ELE/1967Central Library, BUET621_101084000000000_ELE_1967 2015-04-122015-04-122015-04-12   Corporate Publication
6 18296Circulation sectionCentral Library, BUET621.101084/ELE/1967Central Library, BUET621_101084000000000_ELE_1967 2015-04-122015-04-122015-04-12   Corporate Publication
7 18294Circulation sectionCentral Library, BUET621.101084/ELE/1967Central Library, BUET621_101084000000000_ELE_1967 2015-04-122015-04-122015-04-12   Corporate Publication
8 18300Circulation sectionCentral Library, BUET621.101084/ELE/1967Central Library, BUET621_101084000000000_ELE_1967 2015-04-122015-04-122015-04-12   Corporate Publication
9 13163Circulation sectionCentral Library, BUET621.101084/ELE/1967Central Library, BUET621_101084000000000_ELE_1967 2015-04-122015-04-122015-04-12   Corporate Publication
10 18299Circulation sectionCentral Library, BUET621.101084/ELE/1967Central Library, BUET621_101084000000000_ELE_1967 2015-04-122015-04-122015-04-12   Corporate Publication
11 13165Circulation sectionCentral Library, BUET621.101084/ELE/1967Central Library, BUET621_101084000000000_ELE_1967 2015-04-122015-04-122015-04-12   Corporate Publication
12 18302Circulation sectionCentral Library, BUET621.101084/ELE/1967Central Library, BUET621_101084000000000_ELE_1967 2015-04-122015-04-122015-04-12   Corporate Publication
13 18301Circulation sectionCentral Library, BUET621.101084/ELE/1967Central Library, BUET621_101084000000000_ELE_1967 2015-04-122015-04-122015-04-12   Corporate Publication